The best writing on mathematics. 2017 /

Bibliographic Details
Corporate Author: ProQuest (Firm)
Other Authors: Pitici, Mircea, 1965- (Editor)
Format: eBook
Language:English
Published: Princeton, New Jersey : Princeton University Press, [2018]
Subjects:
Online Access:Connect to the full text of this electronic book

MARC

Tag First Indicator Second Indicator Subfields
LEADER 00000cam a2200000Ia 4500
001 in00004048607
006 m o d
007 cr |n|||||||||
008 171204s2018 njua ob 000 0 eng d
005 20221130134017.0
020 |a 1400888557  |q (electronic bk.) 
020 |a 9781400888559  |q (electronic bk.) 
024 8 |a 99978679124 
035 |a (NhCcYBP)ebc5122280 
035 |a in00004048607 
037 |a 1042752  |b MIL 
040 |a NhCcYBP  |c NhCcYBP  |d UtOrBLW 
050 4 |a QA8.6  |b .B47 2018 
072 7 |a MAT  |x 039000  |2 bisacsh 
072 7 |a MAT  |x 023000  |2 bisacsh 
072 7 |a MAT  |x 026000  |2 bisacsh 
082 0 4 |a 510  |2 23 
245 0 4 |a The best writing on mathematics.  |n 2017 /  |c Mircea Pitici, editor. 
264 1 |a Princeton, New Jersey :  |b Princeton University Press,  |c [2018] 
300 |a 1 online resource. 
336 |a text  |b txt  |2 rdacontent 
337 |a computer  |b c  |2 rdamedia 
338 |a online resource  |b cr  |2 rdacarrier 
588 |a Description based on print version record. 
504 |a Includes bibliographical references. 
500 |a Electronic resource. 
650 0 |a Mathematics.  |0 http://id.loc.gov/authorities/subjects/sh85082139 
655 7 |a Electronic books.  |2 local 
700 1 |a Pitici, Mircea,  |d 1965-  |e editor.  |0 http://id.loc.gov/authorities/names/n2010046086 
710 2 |a ProQuest (Firm)  |0 http://id.loc.gov/authorities/names/n2007068018 
856 4 0 |u https://ebookcentral.proquest.com/lib/tamucs/detail.action?docID=5122280  |z Connect to the full text of this electronic book  |t 0 
945 |a machinegen 
955 |a YBP purchased DDA e-records 
980 |b 46.88  |g 1 
987 |a ybp14643188 
999 f f |s 6231464b-b6fa-482a-b6da-4d5447dc52c6  |i d7430f5b-d6a5-3a84-b3db-65dae6566de5  |t 0 
952 f f |a Texas A&M University  |b College Station  |c Electronic Resources  |d Available Online  |t 0  |e QA8.6 .B47 2018  |h Library of Congress classification 
998 f f |a QA8.6 .B47 2018  |t 0  |l Available Online